|
|
|
|
| LEADER |
00000nam2a2200000 4500 |
| 001 |
165529 |
| 005 |
20231031161819.0 |
| 035 |
|
|
|a (RuTPU)RU\TPU\book\179557
|
| 035 |
|
|
|a RU\TPU\book\94146
|
| 090 |
|
|
|a 165529
|
| 100 |
|
|
|a 20090919d1992 k y0rusy50 ca
|
| 101 |
0 |
|
|a rus
|
| 102 |
|
|
|a RU
|
| 105 |
|
|
|a y z 001zy
|
| 200 |
0 |
|
|a Т. 4: Электромагнитное излучение быстрых заряженных частиц в кристаллах
|f науч. ред. А. Ф. Тулинова
|
| 210 |
|
|
|d 1992
|
| 215 |
|
|
|a 228 с.
|
| 320 |
|
|
|a Список использованной литературы в конце статей.
|
| 461 |
|
1 |
|0 (RuTPU)RU\TPU\book\206451
|x 0236-316X
|t Пучки заряженных частиц и твердое тело
|f Академия наук СССР (АН СССР), Всесоюзный институт научной и технической информации (ВИНИТИ)
|v Т. 4: Электромагнитное излучение быстрых заряженных частиц в кристаллах
|d 1990-1992
|s Пучки заряженных частиц и твердое тело
|
| 610 |
1 |
|
|a твердые тела
|
| 610 |
1 |
|
|a заряженные частицы
|
| 610 |
1 |
|
|a пучки заряженных частиц
|
| 610 |
1 |
|
|a физика
|
| 675 |
|
|
|a 539.2:539.1
|v 3
|
| 702 |
|
1 |
|a Тулинов
|b А. Ф.
|4 340
|
| 801 |
|
1 |
|a RU
|b 63413507
|c 20051214
|g PSBO
|
| 801 |
|
2 |
|a RU
|b 63413507
|c 20131127
|g PSBO
|
| 942 |
|
|
|c BK
|